[Event "Beirut op 9th"]
[Site "Beirut"]
[Date "2017.10.05"]
[Round "7"]
[White "Ibrahim, Hatim"]
[Black "Kassis, Antoine"]
[Result "1/2-1/2"]
[WhiteElo "2331"]
[BlackElo "2130"]
[PlyCount "85"]
[EventDate "2017.09.30"]
[EventType "swiss"]
[EventRounds "9"]
[EventCountry "LBN"]
[SourceTitle "CBM 181 Extra"]
[Source "ChessBase"]
[SourceDate "2017.12.12"]
[SourceVersion "1"]
[SourceVersionDate "2017.12.12"]
[SourceQuality "1"]

1. Nf3 g6 2. c4 Bg7 3. Nc3 d6 4. d4 Nf6 5. e4 0-0 6. h3 e5 7. d5 a5 8. g4 Na6 9. Be3 Nc5 10. Nd2 Bd7 11. Be2 c6 12. g5 Ne8 13. h4 Nc7 14. Nb3 N7a6 15. Nxc5 Nxc5 16. Qd2 a4 17. h5 Qa5 18. f3 Rfd8 19. Rb1 Rab8 20. Kf2 cxd5 21. Nxd5 Qxd2 22. Bxd2 Bc6 23. hxg6 hxg6 24. Ba5 Bxd5 25. Bxd8 Bxe4 26. Bc7 Rc8 27. fxe4 Rxc7 28. Rh4 Ne6 29. Rg4 Bf8 30. Rbg1 d5 31. exd5 Bc5+ 32. Kf1 Nf4 33. Rh1 Be7 34. Kf2 b5 35. Rd1 Bd6 36. b3 axb3 37. axb3 Ra7 38. Rd2 bxc4 39. Bxc4 Ra1 40. Kf3 Re1 41. Ra2 Bc5 42. Rxf4 exf4 43. Kxf4 1/2-1/2

[Event "LIB-chT"]
[Site "Beirut"]
[Date "2017.09.09"]
[Round "4.2"]
[White "Ibrahim, Hatim"]
[Black "Koniahli, Malek"]
[Result "1-0"]
[WhiteElo "2329"]
[BlackElo "2089"]
[PlyCount "106"]
[EventDate "2017.09.06"]
[EventType "team"]
[EventRounds "9"]
[EventCountry "LBN"]
[SourceTitle "CBM 180 Extra"]
[Source "ChessBase"]
[SourceDate "2017.10.06"]
[SourceVersion "1"]
[SourceVersionDate "2017.10.06"]
[SourceQuality "1"]
[WhiteTeam "Frerres"]
[BlackTeam "Ansar"]
[WhiteTeamCountry "LBN"]
[BlackTeamCountry "LBN"]

1. Nf3 Nf6 2. c4 c5 3. Nc3 Nc6 4. d4 cxd4 5. Nxd4 d6 6. e4 g6 7. Be2 Bg7 8. Be3 0-0 9. 0-0 Nd7 10. Rc1 Nxd4 11. Bxd4 Bxd4 12. Qxd4 a5 13. Nd5 b6 14. f4 Bb7 15. Rfd1 Bxd5 16. cxd5 Nc5 17. Rc3 Qd7 18. b3 b5 19. h4 b4 20. Re3 Qa7 21. e5 Nd7 22. Qxa7 Rxa7 23. exd6 exd6 24. Re7 Rfa8 25. Bb5 Nc5 26. Re3 Rb8 27. Bc4 Raa8 28. Rde1 Kf8 29. Kf2 Re8 30. Rxe8+ Rxe8 31. Rxe8+ Kxe8 32. Ke3 Kd8 33. g4 Ke7 34. Bb5 f5 35. g5 Ne4 36. Kd4 Nc3 37. Bd3 Nxa2 38. Bxf5 Kd8 39. Bc2 Ke7 40. f5 gxf5 41. Bxf5 Nc1 42. Kc4 Ne2 43. Bxh7 Nc3 44. Bd3 Kf8 45. h5 Nd1 46. h6 Ne3+ 47. Kd4 Ng4 48. Be2 Ne5 49. Bh5 Kg8 50. g6 Kf8 51. g7+ Kg8 52. Be2 Kh7 53. Bd3+ Kg8 1-0

[Event "LIB-chT"]
[Site "Beirut"]
[Date "2017.09.07"]
[Round "2.3"]
[White "Ibrahim, Hatim"]
[Black "Daou, Ziad"]
[Result "1-0"]
[WhiteElo "2329"]
[BlackElo "1606"]
[PlyCount "57"]
[EventDate "2017.09.06"]
[EventType "team"]
[EventRounds "9"]
[EventCountry "LBN"]
[SourceTitle "CBM 180 Extra"]
[Source "ChessBase"]
[SourceDate "2017.10.06"]
[SourceVersion "1"]
[SourceVersionDate "2017.10.06"]
[SourceQuality "1"]
[WhiteTeam "Frerres"]
[BlackTeam "Kfarshima"]
[WhiteTeamCountry "LBN"]
[BlackTeamCountry "LBN"]

1. e4 e5 2. Nf3 Nc6 3. Bc4 Bc5 4. c3 Nf6 5. d3 d6 6. h3 h6 7. Bb3 Qe7 8. 0-0 Be6 9. Ba4 Bd7 10. Nbd2 a6 11. Re1 b5 12. Bb3 Bb6 13. Nf1 Na5 14. Bc2 c6 15. b4 Nb7 16. a4 0-0 17. a5 Ba7 18. d4 Rad8 19. Ng3 Rfe8 20. Nh4 Be6 21. Nhf5 Qd7 22. Qf3 Bc4 23. Nxh6+ Kf8 24. Bg5 Re6 25. Nhf5 Rde8 26. Nxg7 Kxg7 27. Bxf6+ Kf8 28. Nh5 exd4 29. Qg4 1-0

[Event "Paris-ch 92nd"]
[Site "Paris"]
[Date "2017.07.20"]
[Round "7"]
[White "Ibrahim, Hatim"]
[Black "Roy, Prantik"]
[Result "1-0"]
[WhiteElo "2309"]
[BlackElo "2351"]
[PlyCount "111"]
[EventDate "2017.07.14"]
[EventType "swiss"]
[EventRounds "9"]
[EventCountry "FRA"]
[SourceTitle "EXT 2018"]
[Source "ChessBase"]
[SourceDate "2017.10.13"]
[SourceVersion "1"]
[SourceVersionDate "2017.10.13"]
[SourceQuality "1"]

1. Nf3 f5 2. g3 Nf6 3. Bg2 g6 4. 0-0 Bg7 5. d4 0-0 6. b3 d6 7. Bb2 e6 8. c4 Nbd7 9. Nc3 Rb8 10. Re1 Ne4 11. Nxe4 fxe4 12. Nd2 d5 13. f3 exf3 14. exf3 c5 15. cxd5 exd5 16. f4 Nb6 17. Rc1 cxd4 18. Nf3 Bg4 19. Bxd4 Qd7 20. Bxg7 Qxg7 21. Qd4 Bxf3 22. Qxg7+ Kxg7 23. Bxf3 Rf7 24. a4 Rd8 25. a5 Na8 26. Re5 Nc7 27. Kf2 Rd6 28. h4 b6 29. b4 Rfd7 30. Bg4 Rf7 31. Be2 d4 32. Bc4 Rfd7 33. Ke2 a6 34. Kd2 bxa5 35. bxa5 Nd5 36. Bxd5 Rxd5 37. Rc6 Rxe5 38. fxe5 Rd5 39. Rxa6 Rxe5 40. Ra7+ Kf6 41. a6 Re6 42. Kd3 Rd6 43. g4 h6 44. Ra8 Kg7 45. g5 h5 46. a7 Rd7 47. Rg8+ Kxg8 48. a8Q+ Kg7 49. Qc6 Rf7 50. Kxd4 Rf5 51. Qc7+ Kg8 52. Ke4 Rf8 53. Ke5 Rf5+ 54. Ke6 Rf8 55. Qe7 Rf5 56. Qf6 1-0

[Event "LIB-chT"]
[Site "Beirut"]
[Date "2016.07.31"]
[Round "9.5"]
[White "Kfoury, Raymond"]
[Black "Ibrahim, Hatim"]
[Result "0-1"]
[WhiteElo "1522"]
[BlackElo "2337"]
[PlyCount "78"]
[EventDate "2016.07.22"]
[EventType "team-tourn"]
[EventRounds "9"]
[EventCountry "LBN"]
[SourceTitle "EXT 2017"]
[Source "ChessBase"]
[SourceDate "2016.10.25"]
[SourceVersion "1"]
[SourceVersionDate "2016.10.25"]
[SourceQuality "1"]
[WhiteTeam "Animation"]
[BlackTeam "Freres"]
[WhiteTeamCountry "LBN"]
[BlackTeamCountry "LBN"]

1. d4 Nf6 2. Bg5 e6 3. e4 h6 4. Bxf6 Qxf6 5. e5 Qd8 6. Nf3 d6 7. Bb5+ Bd7 8. Qd3 Nc6 9. c3 a6 10. Ba4 Nxe5 11. Bxd7+ Nxd7 12. Nbd2 Be7 13. Ne4 c5 14. 0-0 0-0 15. d5 e5 16. Ng3 g6 17. Qd2 Kg7 18. Qe2 f5 19. Nd2 b5 20. a4 c4 21. b3 cxb3 22. Nxb3 bxa4 23. Rxa4 Nb6 24. Ra5 Qc7 25. Rc1 Bg5 26. Rc2 Nc4 27. Ra4 Rfc8 28. h3 Nb6 29. Ra5 Qc4 30. Nd2 Qxe2 31. Nxe2 Bxd2 32. Rxd2 Nc4 33. Rda2 Nxa5 34. Rxa5 Rc5 35. Rxc5 dxc5 36. c4 a5 37. Nc3 a4 38. d6 a3 39. d7 Rd8 0-1

[Event "LIB-chT"]
[Site "Beirut"]
[Date "2016.07.23"]
[Round "2.5"]
[White "Ibrahim, Hatim"]
[Black "Legky, Nikolay A"]
[Result "1/2-1/2"]
[WhiteElo "2337"]
[BlackElo "2447"]
[PlyCount "57"]
[EventDate "2016.07.22"]
[EventType "team-tourn"]
[EventRounds "9"]
[EventCountry "LBN"]
[SourceTitle "EXT 2017"]
[Source "ChessBase"]
[SourceDate "2016.10.25"]
[SourceVersion "1"]
[SourceVersionDate "2016.10.25"]
[SourceQuality "1"]
[WhiteTeam "Freres"]
[BlackTeam "Antranik"]
[WhiteTeamCountry "LBN"]
[BlackTeamCountry "LBN"]

1. c4 c6 2. d4 d5 3. e3 Nf6 4. Nf3 e6 5. b3 Nbd7 6. Bb2 Bd6 7. Bd3 0-0 8. Nbd2 c5 9. cxd5 exd5 10. 0-0 b6 11. dxc5 Nxc5 12. Be2 Qe7 13. Nd4 Bd7 14. N2f3 a6 15. Qc2 Nce4 16. Rac1 Rfc8 17. Qb1 b5 18. h3 g5 19. Qd3 h5 20. Nxg5 Rxc1 21. Rxc1 Nxg5 22. Nf5 Bxf5 23. Qxf5 Ngh7 24. Rc6 Rd8 25. Rxa6 b4 26. Bd3 Qe6 27. Qf3 Qe7 28. Qf5 Qe6 29. Qf3 1/2-1/2

[Event "LIB-chT"]
[Site "Beirut"]
[Date "2016.07.22"]
[Round "1.1"]
[White "Ibrahim, Hatim"]
[Black "Grigoryan, Avetik"]
[Result "0-1"]
[WhiteElo "2337"]
[BlackElo "2568"]
[PlyCount "86"]
[EventDate "2016.07.22"]
[EventType "team-tourn"]
[EventRounds "9"]
[EventCountry "LBN"]
[SourceTitle "EXT 2017"]
[Source "ChessBase"]
[SourceDate "2016.10.25"]
[SourceVersion "1"]
[SourceVersionDate "2016.10.25"]
[SourceQuality "1"]
[WhiteTeam "Freres"]
[BlackTeam "Homentmen"]
[WhiteTeamCountry "LBN"]
[BlackTeamCountry "LBN"]

1. d4 Nf6 2. c4 c5 3. d5 e6 4. Nc3 exd5 5. cxd5 d6 6. Nf3 g6 7. g3 Bg7 8. Bg2 0-0 9. 0-0 Nbd7 10. a4 Qe7 11. Re1 Ne4 12. Nxe4 Qxe4 13. Bf4 Qe7 14. Rb1 h6 15. e4 g5 16. Be3 Nf6 17. e5 Ng4 18. exd6 Qxd6 19. Nd2 Nxe3 20. fxe3 Bd7 21. Nc4 Qa6 22. b3 Rad8 23. Qc2 Qf6 24. Rf1 Qc3 25. Qd1 b5 26. axb5 Bxb5 27. Rc1 Qb4 28. Kh1 a5 29. Qd3 a4 30. bxa4 Qxa4 31. Qf5 Bd7 32. Qd3 Qa6 33. e4 Bb5 34. Bh3 Bd4 35. Bf5 Ra8 36. Rc2 Rfb8 37. Rfc1 Kg7 38. Qe2 Qf6 39. Rf1 Qe7 40. Qh5 Bxc4 41. Rxc4 Rb2 42. Re1 Raa2 43. e5 Qxe5 0-1

[Event "GRE-chT 44th"]
[Site "Achaia"]
[Date "2016.07.06"]
[Round "3.4"]
[White "Saric, Ivan"]
[Black "Ibrahim, Hatim"]
[Result "1-0"]
[WhiteElo "2660"]
[BlackElo "2337"]
[PlyCount "53"]
[EventDate "2016.07.05"]
[EventType "team-swiss"]
[EventRounds "7"]
[EventCountry "GRE"]
[SourceTitle "CBM 173 Extra"]
[Source "ChessBase"]
[SourceDate "2016.08.29"]
[SourceVersion "1"]
[SourceVersionDate "2016.08.29"]
[SourceQuality "1"]
[WhiteTeam "Kavalas SO"]
[BlackTeam "Glyfadas Zenon"]
[WhiteTeamCountry "GRE"]
[BlackTeamCountry "GRE"]

1. e4 c5 2. Nf3 e6 3. d4 cxd4 4. Nxd4 Nf6 5. Nc3 d6 6. Be3 Nc6 7. f3 Be7 8. Qd2 0-0 9. 0-0-0 a6 10. g4 Nxd4 11. Bxd4 b5 12. g5 Nh5 13. Rg1 b4 14. Ne2 e5 15. Be3 Qa5 16. Kb1 Be6 17. b3 Qc7 18. Ng3 g6 19. Nxh5 gxh5 20. f4 exf4 21. Bd4 Rfc8 22. Bd3 d5 23. exd5 Bxd5 24. Bb2 Rd8 25. Bxh7+ Kxh7 26. Qd3+ Kg8 27. Qd4 1-0

[Event "EGY-chT"]
[Site "Egypt"]
[Date "2016.05.12"]
[Round "8.5"]
[White "Gabr, Mohsen"]
[Black "Ibrahim, Hatim"]
[Result "1/2-1/2"]
[WhiteElo "2248"]
[BlackElo "2331"]
[PlyCount "92"]
[EventDate "2016.05.05"]
[EventType "team-tourn"]
[EventRounds "9"]
[EventCountry "EGY"]
[SourceTitle "CBM 172 Extra"]
[Source "ChessBase"]
[SourceDate "2016.06.21"]
[SourceVersion "1"]
[SourceVersionDate "2016.06.21"]
[SourceQuality "1"]
[WhiteTeam "El Rwad"]
[BlackTeam "Elhawar"]
[WhiteTeamCountry "EGY"]
[BlackTeamCountry "EGY"]

1. Nf3 Nf6 2. c4 e6 3. g3 d5 4. Bg2 d4 5. 0-0 c5 6. d3 Nc6 7. Na3 Bd6 8. Nc2 0-0 9. Rb1 e5 10. Bg5 h6 11. Bxf6 Qxf6 12. Nd2 Qe7 13. e4 Be6 14. a3 a6 15. f4 f6 16. f5 Bf7 17. Bf3 Kh8 18. Bh5 Bg8 19. Ne1 b5 20. Ng2 Qc7 21. Nh4 Ne7 22. b3 Qa5 23. Ra1 Rab8 24. Ng6+ Nxg6 25. Bxg6 bxc4 26. dxc4 Be7 27. Rf3 Rfd8 28. Rd3 Qc7 29. g4 Rd6 30. h4 Rdb6 31. Qc2 R6b7 32. Rf1 Qc6 33. Rff3 Bd8 34. Rg3 Ba5 35. g5 Bxd2 36. Qxd2 Qxe4 37. gxh6 Qf4 38. hxg7+ Rxg7 39. Qxf4 exf4 40. Rgf3 a5 41. a4 Re7 42. Rxf4 Re2 43. Rf2 Re5 44. Rff3 Re2 45. Rf2 Re3 46. Rf3 Re2 1/2-1/2

[Event "EGY-chT"]
[Site "Egypt"]
[Date "2016.05.08"]
[Round "4.5"]
[White "Ibrahim, Hatim"]
[Black "Hussein, Mahmoud"]
[Result "1-0"]
[WhiteElo "2331"]
[BlackElo "2012"]
[PlyCount "27"]
[EventDate "2016.05.05"]
[EventType "team-tourn"]
[EventRounds "9"]
[EventCountry "EGY"]
[SourceTitle "CBM 172 Extra"]
[Source "ChessBase"]
[SourceDate "2016.06.21"]
[SourceVersion "1"]
[SourceVersionDate "2016.06.21"]
[SourceQuality "1"]
[WhiteTeam "Elhawar"]
[BlackTeam "Kanal Suez"]
[WhiteTeamCountry "EGY"]
[BlackTeamCountry "EGY"]

1. c4 Nf6 2. Nc3 e6 3. e4 d5 4. e5 Nfd7 5. d4 dxc4 6. Bxc4 c5 7. Nf3 Nc6 8. d5 Ndxe5 9. Nxe5 Nxe5 10. Bb5+ Bd7 11. Qe2 Ng6 12. dxe6 fxe6 13. Qxe6+ Qe7 14. Bxd7+ 1-0

[Event "Cairo Egyptian op"]
[Site "Cairo"]
[Date "2015.11.15"]
[Round "1"]
[White "Ibrahim, Hatim"]
[Black "Moatamid, Yasser"]
[Result "1-0"]
[WhiteElo "2319"]
[BlackElo "1724"]
[PlyCount "85"]
[EventDate "2015.11.15"]
[EventType "swiss"]
[EventRounds "11"]
[EventCountry "EGY"]
[SourceTitle "CBM 170 Extra"]
[Source "ChessBase"]
[SourceDate "2016.02.25"]
[SourceVersion "1"]
[SourceVersionDate "2016.02.25"]
[SourceQuality "1"]

1. Nf3 e6 2. g3 c5 3. c4 Nc6 4. Bg2 d5 5. 0-0 Nf6 6. cxd5 exd5 7. d4 c4 8. Nc3 Bb4 9. Bg5 Bxc3 10. bxc3 h6 11. Bxf6 Qxf6 12. e4 dxe4 13. Nd2 0-0 14. Nxe4 Qg6 15. Qa4 Bf5 16. Nc5 Bd3 17. Rfe1 Rfb8 18. Nxb7 Re8 19. d5 Nd8 20. d6 Nxb7 21. Bxb7 Qxd6 22. Bxa8 Rxa8 23. Re8+ Rxe8 24. Qxe8+ Kh7 25. Qxf7 Qa3 26. Rd1 Qxa2 27. h4 Qe2 28. Ra1 a5 29. Qa7 Qf3 30. Qe3 Qf5 31. Qd4 Qf3 32. Re1 Qf8 33. Re5 a4 34. Ra5 a3 35. Ra7 h5 36. Qe5 Bg6 37. Qe7 Qxe7 38. Rxe7 a2 39. Ra7 Bb1 40. Ra6 Kg8 41. f3 Kf7 42. Kf2 Ke7 43. Ke3 1-0

[Event "Sautron op 15th"]
[Site "Sautron"]
[Date "2015.10.24"]
[Round "7.8"]
[White "Swayams, Mishra"]
[Black "Ibrahim, Hatim"]
[Result "1-0"]
[WhiteElo "2444"]
[BlackElo "2311"]
[PlyCount "73"]
[EventDate "2015.10.24"]
[EventType "swiss"]
[EventRounds "9"]
[EventCountry "FRA"]
[SourceTitle "CBM 169 Extra"]
[Source "ChessBase"]
[SourceDate "2015.12.18"]
[SourceVersion "1"]
[SourceVersionDate "2015.12.18"]
[SourceQuality "1"]

1. d4 Nf6 2. c4 e6 3. Nc3 Bb4 4. e3 0-0 5. Bd3 d5 6. Nf3 c5 7. 0-0 cxd4 8. exd4 dxc4 9. Bxc4 b6 10. Qd3 Bb7 11. Bg5 Nbd7 12. Rfd1 Bxc3 13. bxc3 Qc7 14. Bb3 Rac8 15. Rac1 Rfe8 16. Re1 Bd5 17. c4 Bxf3 18. Qxf3 e5 19. d5 Qd6 20. Ba4 Rf8 21. Qf5 g6 22. Qf3 Kg7 23. Qe3 Ng4 24. Qg3 Nc5 25. Bc2 f6 26. Qxg4 fxg5 27. Qxg5 Rce8 28. Re3 h6 29. Qg3 Rf4 30. Qxf4 exf4 31. Rxe8 Qf6 32. Rd1 Qc3 33. Bb3 Kf7 34. Ree1 Nd3 35. d6 Qxe1+ 36. Rxe1 Nxe1 37. c5+ 1-0

[Event "Sautron op 15th"]
[Site "Sautron"]
[Date "2015.10.23"]
[Round "1.19"]
[White "Ibrahim, Hatim"]
[Black "Patron, Pascal"]
[Result "1-0"]
[WhiteElo "2311"]
[BlackElo "1934"]
[PlyCount "67"]
[EventDate "2015.10.24"]
[EventType "swiss"]
[EventRounds "9"]
[EventCountry "FRA"]
[SourceTitle "EXT 2019"]
[Source "ChessBase"]
[SourceDate "2018.10.10"]
[SourceVersion "1"]
[SourceVersionDate "2018.10.10"]
[SourceQuality "1"]

1. Nf3 d5 2. c4 Nf6 3. cxd5 Qxd5 4. Nc3 Qa5 5. g3 c6 6. Bg2 e5 7. 0-0 Be7 8. a3 0-0 9. Rb1 Bf5 10. d3 h6 11. b4 Qc7 12. Bb2 Rd8 13. Qc2 a5 14. e4 axb4 15. axb4 Bh7 16. Nxe5 Qxe5 17. Nd5 Qd6 18. e5 Qxd5 19. Bxd5 Nxd5 20. e6 fxe6 21. Qe2 Kf7 22. Rfe1 Kg8 23. Qxe6+ Kh8 24. Qxh6 Bf6 25. Bxf6 Nxf6 26. Qh4 Rxd3 27. Re7 Rd7 28. Rbe1 Rxe7 29. Rxe7 Nbd7 30. Qg5 Rg8 31. f3 Bd3 32. g4 b6 33. Qh4+ Bh7 34. g5 1-0

[Event "Liffre op 1st"]
[Site "Liffre"]
[Date "2015.10.17"]
[Round "1"]
[White "Gipouloux, Laurent"]
[Black "Ibrahim, Hatim"]
[Result "0-1"]
[WhiteElo "1708"]
[BlackElo "2311"]
[PlyCount "52"]
[EventDate "2015.10.17"]
[EventType "swiss"]
[EventRounds "9"]
[EventCountry "FRA"]
[SourceTitle "EXT 2019"]
[Source "ChessBase"]
[SourceDate "2018.10.10"]
[SourceVersion "1"]
[SourceVersionDate "2018.10.10"]
[SourceQuality "1"]

1. e4 c5 2. b3 Nc6 3. Bb2 e6 4. Nf3 a6 5. d3 d5 6. Nbd2 Nf6 7. Be2 Be7 8. 0-0 0-0 9. Re1 b5 10. a4 Bb7 11. axb5 axb5 12. Rxa8 Qxa8 13. Qa1 Nb4 14. e5 Nd7 15. c3 Na2 16. d4 b4 17. Bb5 Nb6 18. c4 Qa5 19. dxc5 Bxc5 20. Nd4 Rc8 21. Re3 Qa8 22. Rh3 dxc4 23. Nxc4 Nxc4 24. Qb1 Be4 25. Bc6 Bxb1 26. Bxa8 Nxb2 0-1

[Event "GRE-chT 43rd"]
[Site "Porto Rio"]
[Date "2015.10.11"]
[Round "6.7"]
[White "David, Alberto"]
[Black "Ibrahim, Hatim"]
[Result "1/2-1/2"]
[WhiteElo "2585"]
[BlackElo "2311"]
[PlyCount "54"]
[EventDate "2015.10.08"]
[EventType "team-swiss"]
[EventRounds "7"]
[EventCountry "GRE"]
[SourceTitle "CBM 168 Extra"]
[Source "ChessBase"]
[SourceDate "2015.10.29"]
[SourceVersion "1"]
[SourceVersionDate "2015.10.29"]
[SourceQuality "1"]
[WhiteTeam "Chania Kaissa"]
[BlackTeam "Glyfadas Zenon"]
[WhiteTeamCountry "GRE"]
[BlackTeamCountry "GRE"]

1. e4 c5 2. Nf3 e6 3. g3 Nc6 4. Bg2 Nf6 5. Qe2 d6 6. 0-0 Be7 7. c3 0-0 8. Rd1 Bd7 9. d4 cxd4 10. Nxd4 Qb8 11. Na3 a6 12. Nc4 Qc7 13. Ne3 Rac8 14. b3 b5 15. Bb2 Rfe8 16. Qd2 Qb6 17. c4 Ne5 18. cxb5 axb5 19. h3 h5 20. f4 Ng6 21. f5 Ne5 22. Kh2 b4 23. Qe2 Qb8 24. Kh1 Qb7 25. Kh2 Qb8 26. Kh1 Qb7 27. Kh2 Qb8 1/2-1/2

[Event "Beirut op 8th"]
[Site "Beirut"]
[Date "2015.09.20"]
[Round "2"]
[White "Ibrahim, Hatim"]
[Black "Jouni, Hassan"]
[Result "1-0"]
[WhiteElo "2316"]
[BlackElo "1844"]
[PlyCount "64"]
[EventDate "2015.09.19"]
[EventType "swiss"]
[EventRounds "9"]
[EventCountry "LBN"]
[SourceTitle "EXT 2016"]
[Source "ChessBase"]
[SourceDate "2015.10.08"]
[SourceVersion "1"]
[SourceVersionDate "2015.10.08"]
[SourceQuality "1"]

1. c4 c5 2. g3 g6 3. Bg2 Bg7 4. Nc3 Nc6 5. a3 a6 6. Rb1 Nf6 7. b4 d6 8. Nh3 0-0 9. 0-0 Qc7 10. d3 Be6 11. Nf4 Rab8 12. bxc5 dxc5 13. Nxe6 fxe6 14. Bf4 e5 15. Be3 Nd4 16. Bd2 e6 17. e3 Nf5 18. Qc2 Rfd8 19. Rb3 Nd6 20. Rfb1 Qd7 21. Be1 e4 22. Nxe4 Nfxe4 23. Bxe4 Nxe4 24. dxe4 Kh8 25. Ba5 Rf8 26. Rb6 Be5 27. Bc3 Bf6 28. Bxf6+ Rxf6 29. Qb2 Qf7 30. Qe5 Rd8 31. Rxb7 Qf8 32. Rb8 Kg7 1-0

[Event "Anogia op 4th"]
[Site "Anogia"]
[Date "2015.07.13"]
[Round "6"]
[White "Ibrahim, Hatim"]
[Black "Hristodoulaki, Antonia"]
[Result "1-0"]
[WhiteElo "2333"]
[BlackElo "1987"]
[PlyCount "73"]
[EventDate "2015.07.09"]
[EventType "swiss"]
[EventRounds "9"]
[EventCountry "GRE"]
[SourceTitle "CBM 167 Extra"]
[Source "ChessBase"]
[SourceDate "2015.09.14"]
[SourceVersion "1"]
[SourceVersionDate "2015.09.14"]
[SourceQuality "1"]

1. d4 Nf6 2. c4 e6 3. g3 Bb4+ 4. Bd2 a5 5. Nc3 0-0 6. Bg2 Re8 7. Nf3 Bf8 8. e4 d6 9. e5 dxe5 10. dxe5 Nfd7 11. 0-0 Nc6 12. Bg5 Be7 13. Bxe7 Qxe7 14. Qe2 f6 15. exf6 gxf6 16. Rfe1 Nf8 17. Rad1 Ng6 18. Nd4 Nxd4 19. Rxd4 c6 20. Ne4 e5 21. Rdd1 Be6 22. h4 Red8 23. b3 Kg7 24. c5 Rd7 25. Rxd7 Bxd7 26. Rd1 Be6 27. Nd6 Nf8 28. Be4 Kh8 29. Qe3 a4 30. Kh2 axb3 31. axb3 Ra3 32. Rd3 Qg7 33. Nf5 Qf7 34. Rd8 Rxb3 35. Qh6 Kg8 36. Nd6 Qg7 37. Bxh7+ 1-0

[Event "Anogia op 4th"]
[Site "Anogia"]
[Date "2015.07.12"]
[Round "5"]
[White "Sandalakis, Nikolaos"]
[Black "Ibrahim, Hatim"]
[Result "1/2-1/2"]
[WhiteElo "2024"]
[BlackElo "2333"]
[PlyCount "139"]
[EventDate "2015.07.09"]
[EventType "swiss"]
[EventRounds "9"]
[EventCountry "GRE"]
[SourceTitle "CBM 167 Extra"]
[Source "ChessBase"]
[SourceDate "2015.09.14"]
[SourceVersion "1"]
[SourceVersionDate "2015.09.14"]
[SourceQuality "1"]

1. e4 g6 2. d4 Bg7 3. Nc3 d6 4. Be3 a6 5. a4 b6 6. Bc4 Bb7 7. f3 e6 8. Qd2 h6 9. Nge2 Ne7 10. 0-0 Nd7 11. Rad1 d5 12. exd5 exd5 13. Ba2 Nf6 14. Nc1 Nf5 15. Bf4 0-0 16. g4 g5 17. Be5 Nh4 18. N3e2 Qd7 19. Ng3 c5 20. a5 bxa5 21. Nd3 cxd4 22. Nc5 Qe7 23. Qxd4 Bc6 24. Rde1 Rfe8 25. Nd3 Qd8 26. f4 gxf4 27. Rxf4 Rxe5 28. Nxe5 Nd7 29. Nf5 Nxe5 30. Rxe5 Nxf5 31. gxf5 Bxe5 32. Rg4+ Kh7 33. Qxe5 f6 34. Qe6 Qe8 35. Bb3 Qxe6 36. fxe6 Re8 37. Rd4 Rxe6 38. Bxd5 Bxd5 39. Rxd5 a4 40. Ra5 Re2 41. Rxa4 Rxc2 42. Rxa6 Kg6 43. Rb6 Kg5 44. Rb4 f5 45. h4+ Kf6 46. Rb6+ Ke5 47. Rxh6 Rxb2 48. Ra6 Kf4 49. Ra3 Kg4 50. Kf1 f4 51. h5 Kxh5 52. Ra5+ Kg4 53. Ra3 Rh2 54. Kg1 Re2 55. Kf1 Re7 56. Kf2 Rb7 57. Rc3 Rb4 58. Ra3 Rb2+ 59. Kf1 Rc2 60. Rb3 Rc4 61. Kf2 Ra4 62. Rc3 Ra2+ 63. Kf1 Rb2 64. Ra3 Rc2 65. Rb3 Rd2 66. Ra3 Rd4 67. Kf2 Rb4 68. Rc3 f3 69. Rc8 Rb2+ 70. Kf1 1/2-1/2

[Event "Anogia op 4th"]
[Site "Anogia"]
[Date "2015.07.10"]
[Round "3"]
[White "Papadogiannis, Sevastianos"]
[Black "Ibrahim, Hatim"]
[Result "1/2-1/2"]
[WhiteElo "2068"]
[BlackElo "2333"]
[PlyCount "74"]
[EventDate "2015.07.09"]
[EventType "swiss"]
[EventRounds "9"]
[EventCountry "GRE"]
[SourceTitle "CBM 167 Extra"]
[Source "ChessBase"]
[SourceDate "2015.09.14"]
[SourceVersion "1"]
[SourceVersionDate "2015.09.14"]
[SourceQuality "1"]

1. e4 c5 2. Nf3 e6 3. c4 Nc6 4. Nc3 e5 5. g3 g6 6. Bg2 Bg7 7. 0-0 d6 8. d3 Nf6 9. Rb1 0-0 10. a3 a5 11. Bd2 h6 12. Nd5 Nxd5 13. cxd5 Ne7 14. Ne1 f5 15. f4 exf4 16. gxf4 Kh7 17. Nc2 Ng8 18. Bc3 fxe4 19. dxe4 Qh4 20. Qe1 Qe7 21. Bxa5 g5 22. Bd2 gxf4 23. Rxf4 Bd7 24. Qe2 Be5 25. Rxf8 Rxf8 26. Bc3 Nf6 27. Ne3 Rg8 28. Kh1 b5 29. Nf5 Bxf5 30. exf5 Nd7 31. Rf1 c4 32. Bxe5 Qxe5 33. Qf2 Nf6 34. Re1 Ng4 35. Qa7+ Rg7 36. Rxe5 Rxa7 37. Re6 b4 1/2-1/2

[Event "Thessaloniki Triandria op 8th"]
[Site "Thessaloniki"]
[Date "2015.04.14"]
[Round "1"]
[White "Kokkalis, Haralabos"]
[Black "Ibrahim, Hatim"]
[Result "0-1"]
[WhiteElo "1750"]
[BlackElo "2351"]
[PlyCount "88"]
[EventDate "2015.04.14"]
[EventType "swiss"]
[EventRounds "7"]
[EventCountry "GRE"]
[SourceTitle "CBM 166 Extra"]
[Source "ChessBase"]
[SourceDate "2015.06.18"]
[SourceVersion "1"]
[SourceVersionDate "2015.06.18"]
[SourceQuality "1"]

1. e4 g6 2. d4 Bg7 3. Nc3 d6 4. f4 a6 5. Nf3 b5 6. a3 Bb7 7. Bd3 Nd7 8. 0-0 c5 9. d5 Ngf6 10. Be3 Ng4 11. Qd2 0-0 12. Kh1 Nxe3 13. Qxe3 c4 14. Be2 Qb6 15. Qd2 Nf6 16. Rae1 Rad8 17. Bd1 Rfe8 18. h3 e6 19. Kh2 exd5 20. exd5 Qc5 21. Ng5 h6 22. Nge4 Nxe4 23. Rxe4 Rxe4 24. Nxe4 Qxd5 25. Qxd5 Bxd5 26. Nc3 Bxc3 27. bxc3 Re8 28. f5 g5 29. Bg4 f6 30. Rd1 Re5 31. Kg3 Kf8 32. Kf2 Ke7 33. Bf3 Bxf3 34. gxf3 Rxf5 35. Rd4 Ke6 36. Rd1 h5 37. Kg3 Re5 38. Kf2 f5 39. Rg1 f4 40. h4 gxh4 41. Rh1 Re3 42. Rxh4 Rxc3 43. Rxf4 Rxc2+ 44. Kg3 d5 0-1